000
00244nam a2200097Ia 4500
005
20251222114351.0
008
251222s1900||||xx |||||||||||||| ||spa||
082
_a
DVD0195/U61E/2007
245
0
_a
EncĂclicas Sociales de Juan Pablo II:
942
_c
DVD
999
_c
1255
_d
1255